000 00809nam a2200253Ia 4500
003 OSt
005 20220930184411.0
006 a|||||r|||| 00| 0
007 ta
008 220926b |||||||| |||| 00| 0 eng d
020 _a9780754662020 (hbk)
_c3067.65
024 _a1271
037 _b410, 19/01/2009, Bhartiya Sahitya Bhawan
_cTextbook
040 _aCRL
_cCRL
_beng
041 _2eng
_aeng
082 _aO111,3:g(S:55), P8
100 _aFletcher Lisa
_9556982
245 0 _aHistorical romance fiction
_b heterosexuality and performativity
260 _aAldershot
_bAshgate U.S.A
_c2008
300 _a177p.
_ccm.
650 _aENGLISH LITERATURE
942 _hO111,3:g(S:55), P8
_cTB
_2CC
999 _c888391
_d888391